スマブラSP しゃがみ歩きができるファイター - Statistics

General Stats
  • This quiz has been taken 11 times
  • The average score is 9 of 22
Answers on the Grid
Answers color-coded by a green-red scale on the quiz's grid according to % correct below.
ワリオ
ヨッシー
ピカチュウ
クッパ
シーク
ピチュー
ゼロスーツサムス
スネーク
ディディーコング
ゼニガメ
フシギソウ
ルカリオ
ロゼッタ&チコ
ゲッコウガ
パックマン
ダックハント
ルイージ
インクリング
Wii Fitトレーナー
シモン/リヒター
スティーブ
ソラ
ロボット
バンジョー&カズーイ
ピクミン&オリマー
ミェンミェン
ベヨネッタ
リザードン
リドリー
ゼルダ
 
Answer Stats
Answer % Correct
スネーク
90%
Wii Fitトレーナー
70%
シーク
60%
ゲッコウガ
60%
ルイージ
60%
スティーブ
60%
ワリオ
50%
ピカチュウ
50%
クッパ
50%
ピチュー
40%
ゼロスーツサムス
40%
ディディーコング
40%
フシギソウ
40%
インクリング
40%
シモン/リヒター
40%
ゼニガメ
30%
ルカリオ
30%
ヨッシー
20%
パックマン
20%
ダックハント
20%
ソラ
20%
ロゼッタ&チコ
10%
No matching quizzes found
Score Distribution
Percent of People with Each Score
Percentile by Number Answered
Your Score History
You have not taken this quiz